00437cam a22001572 4500001001100000005001700011008004100028020002800069040001500097050002000112100003700132245003100169260002900200300001700229650003300246000000446520151217145809.0070523s xx 000 0 eng d a817656706X :cKES 1,320 aKABUcKABU 0aQA76.9b.D35K361 aKanetkar, Yashavant.@000015504610aData structures through C. aNew Delhi :bBPB,c1999. avii, 612 p. 0aData structures.@0000154458